00337nam a2200121Ia 4500008004100000040001700041041001200058082001600070100002100086245006100107260003200168300001500200230917s9999||||xx |||||||||||||| ||und|| e182672aMAIN aEnglish a822.33 S15H aHeims, Neil, ed. 0aHarold Bloom's Shakespeare through the ages: The Tempest aNew DelhibViva Booksc2010 axi, 276 p.